000 00647cam a22002293a 4500
001 18101
003 PGUSA
005 20140828083403.0
008 060402s2006||||xxu|||||s|||||000 | eng d
040 _aPGUSA
_beng
042 _adc
050 4 _aPT
100 1 _aCarlyle, Thomas,
_d1795-1881
245 1 0 _a[Einleitung zu :
_b] Thomas Carlyle, Leben Schillers
_h[electronic resource] /
_cThomas Carlyle
260 _bProject Gutenberg,
_c2006
506 _aPublic domain in the USA.
516 _aElectronic text
653 _aPrefaces
830 0 _aProject Gutenberg
_v18101
856 4 0 _uhttp://www.gutenberg.org/ebooks/18101
942 _cEB
999 _c247356
_d247356